| 000 | 00709nam a22002297a 4500 | ||
|---|---|---|---|
| 005 | 20251108170523.0 | ||
| 008 | 250721s1991 xx 000 0 ara d | ||
| 082 | 1 | 4 | _a613/دلي |
| 245 | 1 | 0 | _aالدليل الصحي للأسرة / |
| 264 | 1 |
_aالقاهره : _bالجمعية المصرية لنشر المعرفة و الثقافة، _c1991. |
|
| 300 | _a200ص | ||
| 650 | 1 | 7 | _aصحة الأسرة |
| 650 | 1 | 7 | _aالصحة |
| 650 | 1 | 7 | _aالوقاية من الأمراض |
| 650 | 1 | 7 | _aالأمراض الشائعة |
| 650 | 1 | 7 | _aصحة الطفل |
| 650 | 1 | 7 | _aطب الأطفال |
| 650 | 1 | 7 | _aصحة الأم |
| 650 | 1 | 7 | _aالغذاء التغذية |
| 942 |
_2ddc _cBK |
||
| 999 |
_c42500 _d42500 |
||